| 000 | 00736nam a22001697a 4500 | ||
|---|---|---|---|
| 008 | 150714b xxu||||| |||| 00| 0 eng d | ||
| 020 | _a9781405844239 | ||
| 050 | _aQA 11.154 .Ex96h7 2009 | ||
| 100 | _aStraker, Anita | ||
| 245 |
_aExploring maths 7 : home book _b home book / _cedited by Anita Straker. |
||
| 260 |
_aGreat Britain, Scotprint : _bPearson Longman, _cc2009. |
||
| 300 |
_a124 pages.: _bcolor illustrations.; _c28 cm. |
||
| 520 | _aits about the powers and roots, functions and graph, equations and formula, 2D and 3D shapes, | ||
| 650 |
_aFractions -- Mathematics., Probabilities -- Mathematics _xMathematics |
||
| 700 | _aFisher, Tony., Hyde, Rosalyn., Jennings, Sue., Longstaffe, Jonathan., | ||
| 942 |
_2lcc _cBK |
||
| 999 |
_c288296 _d288296 |
||